00490nam a2200145Ia 4500008004100000245011300041260001700154260000900171300000800180650002300188650001200211856002900223999001900252952007300271170516s9999 xx 000 0 und d aTheranostic Au Cubic Nano-aggregates as Potential Photoacoustic Contrast and Photothermal Therapeutic Agents bTheranostics c2014 a4:5 xMedical Technology xMedtech uhttp://www.thno.org/v4i5 c330856d330856 001040aCLbCLd2017-05-16l0r2017-05-16 00:00:00w2017-05-16yFOJ